[Event "EU-ch Amateur Online 1700/2000"]
[Site "Tornelo INT"]
[Date "2021.04.24"]
[Round "4"]
[White "Petraki, Argiro"]
[Black "Budkiewicz, Magdalena"]
[Result "0-1"]
[WhiteElo "1776"]
[BlackElo "1984"]
[PlyCount "63"]
[EventDate "2021.04.24"]
[EventType "swiss (rapid)"]
[EventRounds "8"]
[EventCountry "NET"]
[SourceTitle "EXT 2023"]
[Source "ChessBase"]
[SourceDate "2022.10.05"]
[SourceVersion "1"]
[SourceVersionDate "2022.10.05"]
[SourceQuality "1"]

1. e4 c5 2. Nf3 e6 3. d4 cxd4 4. Nxd4 Nf6 5. Nc3 a6 6. f3 d6 7. Be3 Be7 8. Qd2 b5 9. g4 Nfd7 10. 0-0-0 Ne5 11. Kb1 b4 12. Na4 Qa5 13. b3 Bd7 14. Nb2 0-0 15. h4 Nbc6 16. Nxc6 Bxc6 17. Qf2 Qc7 18. g5 d5 19. exd5 Bxd5 20. Rh3 a5 21. Be2 Rfc8 22. Rd2 a4 23. Nxa4 Rxa4 24. bxa4 Nc4 25. Bxc4 Qxc4 26. c3 bxc3 27. Rc2 Rb8+ 28. Kc1 Ba3+ 29. Kd1 Rb1+ 30. Bc1 Qd3+ 31. Ke1 Bxc1 32. Qe2 0-1

[Event "EU-ch Amateur Online 1700/2000"]
[Site "Tornelo INT"]
[Date "2021.04.24"]
[Round "6"]
[White "Petraki, Argiro"]
[Black "Gurgenidze, Aleksandra"]
[Result "0-1"]
[WhiteElo "1776"]
[BlackElo "1342"]
[PlyCount "32"]
[EventDate "2021.04.24"]
[EventType "swiss (rapid)"]
[EventRounds "8"]
[EventCountry "NET"]
[SourceTitle "EXT 2023"]
[Source "ChessBase"]
[SourceDate "2022.10.05"]
[SourceVersion "1"]
[SourceVersionDate "2022.10.05"]
[SourceQuality "1"]

1. e4 c5 2. Nf3 d6 3. d4 cxd4 4. Nxd4 Nf6 5. Nc3 a6 6. h3 e5 7. Nf3 Be7 8. Be3 Be6 9. Qd2 0-0 10. g4 Nc6 11. Bg2 d5 12. exd5 Nxd5 13. Nxd5 Bxd5 14. 0-0-0 Bxa2 15. Qxd8 Raxd8 16. b3 Ba3# 0-1

[Event "GRE-chT Online Rapid (Women) 1st"]
[Site "Tornelo INT"]
[Date "2021.02.20"]
[Round "3.4"]
[White "Athanasiou, Soumela"]
[Black "Petraki, Argiro"]
[Result "1-0"]
[WhiteElo "1340"]
[BlackElo "1776"]
[PlyCount "83"]
[EventDate "2021.02.20"]
[EventType "team-swiss (rapid)"]
[EventRounds "9"]
[EventCountry "GRE"]
[SourceTitle "EXT 2023"]
[Source "ChessBase"]
[SourceDate "2022.10.05"]
[SourceVersion "1"]
[SourceVersionDate "2022.10.05"]
[SourceQuality "1"]

1. c4 g6 2. Nc3 Bg7 3. g3 e5 4. Bg2 Nc6 5. e3 d6 6. Nge2 Nf6 7. 0-0 0-0 8. a3 Be6 9. d3 a5 10. Rb1 d5 11. c5 d4 12. Ne4 a4 13. Nxf6+ Bxf6 14. exd4 Bb3 15. Qd2 exd4 16. Ra1 Qe7 17. Bxc6 bxc6 18. Qf4 Be5 19. Qh4 Qxh4 20. gxh4 Ra5 21. Bd2 Rb5 22. Rfc1 Re8 23. Ng3 Bxg3 24. hxg3 Re2 25. Bh6 Be6 26. Re1 Rexb2 27. Re4 Rxc5 28. Rxd4 Bd5 29. Rxa4 f5 30. Re1 Rcb5 31. Ra8+ Rb8 32. Ra7 Rb1 33. Bd2 Rxe1+ 34. Bxe1 Rb3 35. a4 Rxd3 36. Rxc7 Rd1 37. Re7 Ra1 38. a5 Kf8 39. Re3 Kf7 40. f3 Kf6 41. Kf2 f4 42. Bc3+ 1-0

[Event "EU-Cup Online Gr-A (Women)"]
[Site "Tornelo INT"]
[Date "2020.12.19"]
[Round "2.1"]
[White "Juhasz, Barbara"]
[Black "Petraki, Argiro"]
[Result "1-0"]
[WhiteElo "2211"]
[BlackElo "1776"]
[PlyCount "37"]
[EventDate "2020.12.19"]
[EventType "team-tourn (rapid)"]
[EventRounds "7"]
[EventCountry "ISS"]
[SourceTitle "CBM 199 Extra"]
[Source "ChessBase"]
[SourceDate "2021.01.31"]
[SourceVersion "1"]
[SourceVersionDate "2021.01.31"]
[SourceQuality "1"]
[WhiteTeam "Wulkaprodersdorf (W)"]
[BlackTeam "Galaxias (W)"]
[WhiteTeamCountry "AUT"]
[BlackTeamCountry "GRE"]

1. e4 c5 2. Nf3 Nc6 3. d4 cxd4 4. Nxd4 g6 5. Nc3 Bg7 6. Be3 Nf6 7. Bc4 0-0 8. Bb3 d6 9. f3 Bd7 10. h4 Nxd4 11. Bxd4 b5 12. h5 e6 13. Qd2 a5 14. hxg6 fxg6 15. Bxf6 Rxf6 16. e5 dxe5 17. Ne4 Rf7 18. 0-0-0 Qe8 19. Nd6 1-0

[Event "GRE-chT 46th"]
[Site "Rio Achaia"]
[Date "2018.07.15"]
[Round "7.15"]
[White "Petraki, Argiro"]
[Black "Daniilidi, Dimitra Lydia"]
[Result "0-1"]
[WhiteElo "1729"]
[BlackElo "1173"]
[PlyCount "124"]
[EventDate "2018.07.10"]
[EventType "team"]
[EventRounds "7"]
[EventCountry "GRE"]
[SourceTitle "CBM 185 Extra"]
[Source "ChessBase"]
[SourceDate "2018.07.29"]
[SourceVersion "1"]
[SourceVersionDate "2018.07.29"]
[SourceQuality "1"]
[WhiteTeam "Chania Kaissa"]
[BlackTeam "Panellinios GA"]
[WhiteTeamCountry "GRE"]
[BlackTeamCountry "GRE"]

1. e4 c6 2. d4 d5 3. Nc3 dxe4 4. Nxe4 Bf5 5. Ng3 Bg6 6. h4 h6 7. Nh3 Nd7 8. h5 Bh7 9. Bd3 Bxd3 10. Qxd3 e6 11. Bd2 Bd6 12. 0-0-0 Ngf6 13. Kb1 Qc7 14. Rde1 0-0-0 15. f4 Nd5 16. Ne4 N7f6 17. Nxd6+ Qxd6 18. Qf3 Nb6 19. c3 Qd5 20. Qxd5 Rxd5 21. Re5 Nxh5 22. g4 Nf6 23. Nf2 Nc4 24. Re2 c5 25. b3 Nxd2+ 26. Rxd2 Rhd8 27. Rhd1 cxd4 28. cxd4 Ne8 29. Ne4 Nc7 30. Nc3 R5d6 31. a4 Nd5 32. Nb5 Ra6 33. Rf1 Kb8 34. Kb2 Rc6 35. f5 a6 36. Na3 Ne3 37. Rf4 exf5 38. gxf5 Rf6 39. Rdf2 Nd1+ 40. Kc2 Nxf2 41. Rxf2 Rxd4 42. Nc4 Rc6 43. Kc3 Rd5 44. Kb4 Rf6 45. Re2 Rdxf5 46. Re8+ Ka7 47. a5 Rb5+ 48. Ka4 Rff5 49. b4 Rf4 50. Kb3 Rxc4 51. Kxc4 Rg5 52. Re7 f5 53. Rf7 Rg4+ 54. Kd5 f4 55. Kd6 g5 56. Kc7 Rg3 57. Rh7 Rc3+ 58. Kd8 Rc6 59. Rg7 f3 60. Rf7 g4 61. Rf5 Rc2 62. b5 axb5 0-1

[Event "GRE-ch U18 Girls"]
[Site "Chania"]
[Date "2018.01.08"]
[Round "9"]
[White "Stratigi, Evangelia"]
[Black "Petraki, Argiro"]
[Result "1-0"]
[WhiteElo "1673"]
[BlackElo "1608"]
[PlyCount "79"]
[EventDate "2018.01.02"]
[EventType "swiss"]
[EventRounds "9"]
[EventCountry "GRE"]
[SourceTitle "EXT 2024"]
[Source "ChessBase"]
[SourceDate "2023.10.10"]
[SourceVersion "1"]
[SourceVersionDate "2023.10.10"]
[SourceQuality "1"]

1. e4 c5 2. Nf3 Nc6 3. Bb5 a6 4. Bxc6 dxc6 5. 0-0 g6 6. Re1 Nf6 7. h3 Bg7 8. Nc3 0-0 9. d3 Qc7 10. e5 Nd5 11. Na4 b6 12. c4 b5 13. Nxc5 Nb6 14. Qe2 Nd7 15. Nb3 Nb6 16. Bf4 Be6 17. Rac1 bxc4 18. dxc4 c5 19. Ng5 Bc8 20. Qe3 Qc6 21. Qxc5 Qxc5 22. Nxc5 h6 23. Nf3 g5 24. Bd2 a5 25. b3 Bf5 26. Nd4 Bg6 27. Nc6 a4 28. Nxe7+ Kh7 29. Nxg6 Kxg6 30. e6 Bd4 31. Be3 Bxe3 32. Rxe3 fxe6 33. Rxe6+ Rf6 34. Rxf6+ Kxf6 35. Re1 Kf7 36. Re6 axb3 37. axb3 Ra1+ 38. Kh2 Nc8 39. Rxh6 Rf1 40. Ne4 1-0

[Event "GRE-ch U18 Girls"]
[Site "Chania"]
[Date "2018.01.06"]
[Round "7"]
[White "Karavitaki, Evaggelia"]
[Black "Petraki, Argiro"]
[Result "1/2-1/2"]
[WhiteElo "1734"]
[BlackElo "1608"]
[PlyCount "115"]
[EventDate "2018.01.02"]
[EventType "swiss"]
[EventRounds "9"]
[EventCountry "GRE"]
[SourceTitle "EXT 2024"]
[Source "ChessBase"]
[SourceDate "2023.10.10"]
[SourceVersion "1"]
[SourceVersionDate "2023.10.10"]
[SourceQuality "1"]

1. e4 c5 2. Nf3 Nc6 3. Bb5 g6 4. 0-0 a6 5. Bxc6 dxc6 6. c3 Nf6 7. d3 Bg7 8. h3 0-0 9. Qc2 Qc7 10. Be3 b6 11. Nbd2 e5 12. a4 a5 13. Nc4 Nd7 14. d4 Ba6 15. b3 Bxc4 16. bxc4 cxd4 17. cxd4 exd4 18. Bxd4 Ne5 19. Nxe5 Bxe5 20. Rfd1 Rad8 21. Bb2 Rfe8 22. Rxd8 Rxd8 23. Bxe5 Qxe5 24. Rd1 Rd4 25. Rxd4 Qxd4 26. Kf1 Qc5 27. Qd3 h6 28. Ke2 Kh7 29. Kf3 Qh5+ 30. Kg3 Qe5+ 31. f4 Qc5 32. Kf3 b5 33. cxb5 cxb5 34. Qxb5 Qc3+ 35. Kf2 Qd2+ 36. Kf3 Qc3+ 37. Kf2 h5 38. Qd7 Qc2+ 39. Ke3 Qb3+ 40. Kf2 h4 41. Ke2 Qc4+ 42. Ke3 Qc1+ 43. Ke2 Qxf4 44. Qd5 Qc7 45. Kd1 Qa7 46. Ke2 Qa6+ 47. Ke1 Qa7 48. Ke2 Kg7 49. Qe5+ f6 50. Qd5 Qg1 51. Qd7+ Kh6 52. Qg4 g5 53. Qf3 Qa1 54. Qb3 Qd4 55. Qe6 Kg7 56. Qe7+ Kg6 57. Qe8+ Kg7 58. Qe7+ 1/2-1/2

[Event "EU-Cup 33rd"]
[Site "Antalya"]
[Date "2017.10.14"]
[Round "7.6"]
[White "Laakso, Harri"]
[Black "Petraki, Argiro"]
[Result "1-0"]
[WhiteElo "2157"]
[BlackElo "1476"]
[PlyCount "66"]
[EventDate "2017.10.08"]
[EventType "team-swiss"]
[EventRounds "7"]
[EventCountry "TUR"]
[SourceTitle "CBM 181"]
[Source "ChessBase"]
[SourceDate "2017.11.10"]
[SourceVersion "1"]
[SourceVersionDate "2017.11.10"]
[SourceQuality "1"]
[WhiteTeam "Etela Vantaan"]
[BlackTeam "Chania Chess Academy"]
[WhiteTeamCountry "FIN"]
[BlackTeamCountry "GRE"]

1. e4 c5 2. c3 d5 3. exd5 Qxd5 4. d4 Nc6 5. Nf3 Bf5 6. Be2 cxd4 7. cxd4 Bxb1 8. Rxb1 e6 9. a3 Nf6 10. 0-0 Be7 11. h3 0-0 12. Be3 Rfd8 13. Rc1 Rac8 14. Qd3 a5 15. Rfd1 Qd7 16. Qb3 Nd5 17. Bd2 b6 18. Ba6 Rc7 19. Bc4 a4 20. Qd3 Na7 21. Bxd5 Rxc1 22. Rxc1 Qxd5 23. Qa6 Nb5 24. Qxa4 Nxd4 25. Nxd4 Qxd4 26. Qxd4 Rxd4 27. Be3 Rd6 28. Rc8+ Bf8 29. Rb8 f6 30. Bxb6 Rd1+ 31. Kh2 Kf7 32. g3 Rb1 33. b4 Kg6 1-0

[Event "EU-Cup 33rd"]
[Site "Antalya"]
[Date "2017.10.13"]
[Round "6.6"]
[White "Petraki, Argiro"]
[Black "Mirza, Gabriel"]
[Result "1-0"]
[WhiteElo "1476"]
[BlackElo "1721"]
[PlyCount "45"]
[EventDate "2017.10.08"]
[EventType "team-swiss"]
[EventRounds "7"]
[EventCountry "TUR"]
[SourceTitle "CBM 181"]
[Source "ChessBase"]
[SourceDate "2017.11.10"]
[SourceVersion "1"]
[SourceVersionDate "2017.11.10"]
[SourceQuality "1"]
[WhiteTeam "Chania Chess Academy"]
[BlackTeam "Adare"]
[WhiteTeamCountry "GRE"]
[BlackTeamCountry "IRL"]

1. e4 d6 2. d4 Nf6 3. Nc3 e5 4. Nf3 Nbd7 5. g4 Nxg4 6. Rg1 Ngf6 7. Bc4 h6 8. Be3 g6 9. Qd2 c6 10. dxe5 dxe5 11. 0-0-0 Qc7 12. Bb3 Bb4 13. a3 Nxe4 14. Qd3 Bxc3 15. Qxe4 Nf6 16. Qh4 e4 17. bxc3 Ng4 18. Ng5 Ne5 19. Bf4 Bf5 20. Nxf7 Nd3+ 21. Rxd3 Qa5 22. Nd6+ Kf8 23. Qf6# 1-0

[Event "Anogia op 6th"]
[Site "Anogia"]
[Date "2017.07.17"]
[Round "9"]
[White "Petraki, Argiro"]
[Black "Gantis, Konstantinos"]
[Result "0-1"]
[WhiteElo "1633"]
[BlackElo "2013"]
[PlyCount "46"]
[EventDate "2017.07.10"]
[EventType "swiss"]
[EventRounds "9"]
[EventCountry "GRE"]
[SourceTitle "CBM 179 Extra"]
[Source "ChessBase"]
[SourceDate "2017.08.23"]
[SourceVersion "1"]
[SourceVersionDate "2017.08.23"]
[SourceQuality "1"]

1. e4 e6 2. d4 d5 3. Nc3 Nf6 4. Bg5 Bb4 5. e5 h6 6. exf6 hxg5 7. fxg7 Rg8 8. Qh5 Qf6 9. Nf3 Qxg7 10. 0-0-0 Nd7 11. h4 g4 12. Nh2 Bd6 13. Re1 Bf4+ 14. Kb1 Kf8 15. Nxd5 Bxh2 16. Rxh2 Rh8 17. Qg5 Qxg5 18. hxg5 Rxh2 19. Nxc7 Rb8 20. g6 Rh1 21. gxf7 Nf6 22. d5 Nxd5 23. Nxd5 exd5 0-1

[Event "Anogia op 6th"]
[Site "Anogia"]
[Date "2017.07.16"]
[Round "8"]
[White "Petraki, Argiro"]
[Black "Androni, Konstantina"]
[Result "1/2-1/2"]
[WhiteElo "1633"]
[BlackElo "1863"]
[PlyCount "144"]
[EventDate "2017.07.10"]
[EventType "swiss"]
[EventRounds "9"]
[EventCountry "GRE"]
[SourceTitle "CBM 179 Extra"]
[Source "ChessBase"]
[SourceDate "2017.08.23"]
[SourceVersion "1"]
[SourceVersionDate "2017.08.23"]
[SourceQuality "1"]

1. e4 d5 2. exd5 Qxd5 3. Nc3 Qd6 4. d4 Nf6 5. Nf3 a6 6. g3 g6 7. Bg2 Bg7 8. 0-0 0-0 9. Bf4 Qd8 10. Re1 Bg4 11. Qd2 c6 12. Ne5 Be6 13. Rad1 Nd5 14. Nxd5 Bxd5 15. c4 Bxg2 16. Kxg2 e6 17. c5 a5 18. b3 Bxe5 19. Bxe5 Nd7 20. Bd6 Re8 21. Re4 a4 22. Qh6 Qf6 23. h4 axb3 24. axb3 Qg7 25. Qf4 Qf6 26. Qg5 Qxg5 27. hxg5 Kg7 28. Rh4 Rh8 29. Be5+ Nxe5 30. dxe5 Ra2 31. Kf3 Rc2 32. b4 Ra8 33. Rf4 Raa2 34. Rd7 Rxf2+ 35. Kg4 Rxf4+ 36. gxf4 Ra7 37. b5 Ra5 38. bxc6 bxc6 39. Rd8 Rxc5 40. Kf3 Rc4 41. Ke3 h6 42. gxh6+ Kxh6 43. Rh8+ Kg7 44. Rc8 c5 45. Kf3 Rc1 46. Ke3 Rc4 47. Kf3 Rc2 48. Ke3 c4 49. Kf3 c3 50. Ke3 Rc1 51. Kd3 Rf1 52. Ke4 Rc1 53. Kd3 Rg1 54. Ke4 Rg3 55. Rc7 Rh3 56. Kd4 Rh4 57. Ke3 g5 58. fxg5 Kg6 59. Kd3 Rf4 60. Kxc3 Re4 61. Rc5 Kxg5 62. Kd3 Kf5 63. Rc7 Kxe5 64. Rxf7 Rh4 65. Ra7 Rh3+ 66. Ke2 Ke4 67. Ra4+ Kf5 68. Ra5+ e5 69. Ra4 e4 70. Ra8 Rh2+ 71. Ke3 Rh3+ 72. Ke2 Rh2+ 1/2-1/2

[Event "Anogia op 6th"]
[Site "Anogia"]
[Date "2017.07.12"]
[Round "4"]
[White "Petraki, Argiro"]
[Black "Papakonstantinou, Dimitrios"]
[Result "0-1"]
[WhiteElo "1633"]
[BlackElo "2207"]
[PlyCount "82"]
[EventDate "2017.07.10"]
[EventType "swiss"]
[EventRounds "9"]
[EventCountry "GRE"]
[SourceTitle "CBM 179 Extra"]
[Source "ChessBase"]
[SourceDate "2017.08.23"]
[SourceVersion "1"]
[SourceVersionDate "2017.08.23"]
[SourceQuality "1"]

1. e4 d6 2. d4 Nf6 3. Nc3 c6 4. f3 b5 5. a3 Qc7 6. Be3 e5 7. d5 a6 8. dxc6 Nxc6 9. Qd2 Be7 10. Nge2 0-0 11. g4 Be6 12. Ng3 d5 13. exd5 Rfd8 14. Qf2 Nxd5 15. Nxd5 Rxd5 16. Bd3 Qa5+ 17. Kf1 Qd8 18. Kg2 Rc8 19. Nf5 Bg5 20. h4 Bxe3 21. Nxe3 Rd4 22. Rad1 Ne7 23. h5 Qd6 24. Qh4 f5 25. h6 Ng6 26. Qg5 e4 27. gxf5 Qf4 28. Qxf4 Nxf4+ 29. Kf2 exd3 30. fxe6 gxh6 31. Nf5 Rxc2+ 32. Ke1 Rdc4 33. Rg1+ Kh8 34. Nd6 Ng2+ 35. Rxg2 Rxg2 36. Nxc4 bxc4 37. Kf1 Re2 38. Re1 Rxe1+ 39. Kxe1 Kg7 40. f4 Kf6 41. f5 h5 0-1

[Event "GRE-chT 45th"]
[Site "Achaia"]
[Date "2017.07.04"]
[Round "2.1"]
[White "Petraki, Argiro"]
[Black "Louka, Magdalini"]
[Result "0-1"]
[WhiteElo "1633"]
[BlackElo "1712"]
[PlyCount "78"]
[EventDate "2017.07.03"]
[EventType "team-swiss"]
[EventRounds "7"]
[EventCountry "GRE"]
[SourceTitle "CBM 179 Extra"]
[Source "ChessBase"]
[SourceDate "2017.08.23"]
[SourceVersion "1"]
[SourceVersionDate "2017.08.23"]
[SourceQuality "1"]
[WhiteTeam "Chania Kaissa"]
[BlackTeam "Nice Fysiolatris"]
[WhiteTeamCountry "GRE"]
[BlackTeamCountry "GRE"]

1. e4 c5 2. Nf3 g6 3. d4 cxd4 4. Nxd4 Bg7 5. Be3 Nc6 6. c4 Nf6 7. Nc3 0-0 8. Be2 d6 9. 0-0 Bd7 10. Nc2 a5 11. f4 Nb4 12. c5 Bc6 13. a3 Na6 14. cxd6 Nxe4 15. dxe7 Qxe7 16. Nxe4 Bxe4 17. Bf2 Bxb2 18. Ra2 Rfd8 19. Qe1 Bf6 20. Ne3 Qc7 21. Nc4 Nc5 22. Bxc5 Qxc5+ 23. Kh1 b5 24. Nxa5 Bxg2+ 25. Kxg2 Qd5+ 26. Bf3 Qxa2+ 27. Rf2 Qxa3 28. Bxa8 Rxa8 29. Nc6 Bh4 30. Qe5 Bxf2 31. Ne7+ Kf8 32. Nd5 Bd4 33. Qxd4 Qa2+ 34. Kg3 Ra3+ 35. Ne3 Qe6 36. Qc5+ Qe7 37. Qxe7+ Kxe7 38. Kf2 Rxe3 39. Kxe3 Ke6 0-1

[Event "GRE-ch U16 Girls"]
[Site "Achaia"]
[Date "2017.06.30"]
[Round "7"]
[White "Petraki, Argiro"]
[Black "Louka, Magdalini"]
[Result "0-1"]
[WhiteElo "1633"]
[BlackElo "1703"]
[PlyCount "130"]
[EventDate "2017.06.26"]
[EventType "swiss"]
[EventRounds "9"]
[EventCountry "GRE"]
[SourceTitle "CBM 179 Extra"]
[Source "ChessBase"]
[SourceDate "2017.08.23"]
[SourceVersion "1"]
[SourceVersionDate "2017.08.23"]
[SourceQuality "1"]

1. e4 c5 2. Nf3 Nc6 3. d4 cxd4 4. Nxd4 e6 5. Nc3 Qc7 6. Be3 a6 7. Qd2 b5 8. f4 Bb7 9. 0-0-0 Rc8 10. Ndxb5 axb5 11. Nxb5 Qd8 12. Bb6 Bb4 13. Bxd8 Bxd2+ 14. Rxd2 Kxd8 15. Nd6 Rb8 16. Nxf7+ Ke7 17. Nxh8 Nf6 18. Bd3 Rxh8 19. e5 Nd5 20. Rf1 Ncb4 21. c3 Nxd3+ 22. Rxd3 Ba6 23. Rxd5 Bxf1 24. Rd2 Rf8 25. g3 g5 26. Rf2 Bb5 27. b3 gxf4 28. gxf4 h5 29. Kd2 h4 30. Ke3 Bc6 31. c4 Rg8 32. f5 exf5 33. Rxf5 Rg2 34. Rf2 Rg1 35. Rf4 h3 36. Rh4 Bg2 37. Kf2 Ra1 38. Rd4 Rxa2+ 39. Kg3 Rb2 40. Rd3 Ke6 41. Re3 Rb1 42. Kf2 Rf1+ 43. Kg3 Rf5 44. b4 Rxe5 45. Rb3 Re4 46. c5 Rc4 47. Kf2 Kd5 48. Rb2 Kc6 49. Kg3 Kb5 50. Rd2 Rc3+ 51. Kh4 Bc6 52. Rb2 Rd3 53. Kg4 Bg2 54. Kf4 Rd4+ 55. Ke5 Rxb4 56. Rd2 Re4+ 57. Kd6 Re1 58. Rb2+ Kc4 59. Rc2+ Kb3 60. Rd2 Kc3 61. Ra2 Rd1+ 62. Kc7 Rd3 63. Kb6 Bc6 64. Re2 Kc4 65. Rf2 Rb3+ 0-1

[Event "GRE-ch U16 Girls"]
[Site "Achaia"]
[Date "2017.06.29"]
[Round "5"]
[White "Petraki, Argiro"]
[Black "Bastianou, Chrysoula"]
[Result "1-0"]
[WhiteElo "1633"]
[BlackElo "1643"]
[PlyCount "55"]
[EventDate "2017.06.26"]
[EventType "swiss"]
[EventRounds "9"]
[EventCountry "GRE"]
[SourceTitle "CBM 179 Extra"]
[Source "ChessBase"]
[SourceDate "2017.08.23"]
[SourceVersion "1"]
[SourceVersionDate "2017.08.23"]
[SourceQuality "1"]

1. e4 c5 2. Nf3 e6 3. d4 cxd4 4. Nxd4 Nc6 5. Nc3 Qc7 6. Be3 a6 7. g4 b5 8. Bg2 Bb7 9. 0-0 Nxd4 10. Bxd4 Ne7 11. Qd2 Nc6 12. Be3 Be7 13. Rad1 Rd8 14. Nd5 exd5 15. exd5 Bd6 16. dxc6 dxc6 17. Bf4 0-0 18. Bxd6 Qd7 19. Bxf8 Qxd2 20. Rxd2 Rxd2 21. Ba3 a5 22. Re1 h6 23. Bc5 g6 24. Re8+ Kg7 25. Be4 b4 26. Bd3 Rd1+ 27. Kg2 a4 28. Bd4+ 1-0

[Event "GRE-ch U16 Girls"]
[Site "Achaia"]
[Date "2017.06.28"]
[Round "4"]
[White "Kalyva, Kyriaki"]
[Black "Petraki, Argiro"]
[Result "1-0"]
[WhiteElo "1633"]
[BlackElo "1633"]
[PlyCount "47"]
[EventDate "2017.06.26"]
[EventType "swiss"]
[EventRounds "9"]
[EventCountry "GRE"]
[SourceTitle "CBM 179 Extra"]
[Source "ChessBase"]
[SourceDate "2017.08.23"]
[SourceVersion "1"]
[SourceVersionDate "2017.08.23"]
[SourceQuality "1"]

1. d4 Nf6 2. c4 e6 3. Nc3 c5 4. d5 exd5 5. cxd5 d6 6. e4 g6 7. f4 Bg7 8. Bb5+ Nfd7 9. a4 0-0 10. Nf3 a6 11. Bd3 Re8 12. 0-0 Nf6 13. h3 Nbd7 14. Re1 Qc7 15. Bc2 Rb8 16. e5 dxe5 17. d6 Qc6 18. fxe5 Re6 19. exf6 Nxf6 20. Bf4 Rxe1+ 21. Qxe1 Bd7 22. Ne5 Qc8 23. Bb3 Be6 24. d7 1-0

[Event "GRE-ch U20 Girls"]
[Site "Chania"]
[Date "2017.01.03"]
[Round "2.4"]
[White "Stratigi, Evangelia"]
[Black "Petraki, Argiro"]
[Result "1-0"]
[WhiteElo "1612"]
[BlackElo "1714"]
[PlyCount "55"]
[EventDate "2017.01.02"]
[EventType "swiss"]
[EventRounds "9"]
[EventCountry "GRE"]
[SourceTitle "EXT 2024"]
[Source "ChessBase"]
[SourceDate "2023.10.10"]
[SourceVersion "1"]
[SourceVersionDate "2023.10.10"]
[SourceQuality "1"]

1. e4 c5 2. Nf3 Nc6 3. Bc4 g6 4. 0-0 Bg7 5. c3 Qc7 6. Re1 e6 7. Bb3 Nge7 8. d4 cxd4 9. cxd4 Na5 10. Bc2 d5 11. e5 0-0 12. Na3 Bd7 13. Bd2 Nc4 14. Bb4 Nxa3 15. Bxa3 Bb5 16. h4 Rfc8 17. Rc1 Bh6 18. Ng5 Nc6 19. Qg4 Qa5 20. h5 Nxd4 21. hxg6 Rxc2 22. gxh7+ Kh8 23. Nxf7+ Kxh7 24. Qxd4 Bxc1 25. Qh4+ Kg8 26. Qh8+ Kxf7 27. Qh7+ Ke8 28. Qe7# 1-0

[Event "Wch U16 Girls"]
[Site "Khanty-Mansiysk"]
[Date "2016.10.03"]
[Round "11"]
[White "Gundogan, Sinem Cagla"]
[Black "Petraki, Argiro"]
[Result "1-0"]
[WhiteElo "1933"]
[BlackElo "1632"]
[PlyCount "61"]
[EventDate "2016.09.22"]
[EventType "swiss"]
[EventRounds "11"]
[EventCountry "RUS"]
[SourceTitle "EXT 2017"]
[Source "ChessBase"]
[SourceDate "2016.10.25"]
[SourceVersion "1"]
[SourceVersionDate "2016.10.25"]
[SourceQuality "1"]

1. e4 c5 2. Nc3 a6 3. g4 b5 4. Bg2 Bb7 5. Nh3 e6 6. 0-0 h5 7. g5 Ne7 8. d3 Nbc6 9. f4 Qc7 10. f5 0-0-0 11. Nf4 h4 12. g6 b4 13. Na4 Qa5 14. b3 exf5 15. gxf7 g5 16. Nd5 Bg7 17. Nab6+ Kb8 18. Nc4 Qb5 19. a4 bxa3 20. Nd6 Bxa1 21. Nxb5 axb5 22. Bxg5 Bd4+ 23. Kh1 Nxd5 24. exd5 Nb4 25. Bxd8 Rxd8 26. Qd2 Nxd5 27. Qa5 Kc8 28. Rxf5 Ne3 29. Bxb7+ Kxb7 30. Qxd8 a2 31. Qxd7+ 1-0

[Event "Wch U16 Girls"]
[Site "Khanty-Mansiysk"]
[Date "2016.10.02"]
[Round "10"]
[White "Petraki, Argiro"]
[Black "Afonasieva, Anna"]
[Result "0-1"]
[WhiteElo "1632"]
[BlackElo "2132"]
[PlyCount "34"]
[EventDate "2016.09.22"]
[EventType "swiss"]
[EventRounds "11"]
[EventCountry "RUS"]
[SourceTitle "EXT 2017"]
[Source "ChessBase"]
[SourceDate "2016.10.25"]
[SourceVersion "1"]
[SourceVersionDate "2016.10.25"]
[SourceQuality "1"]

1. e4 c6 2. d4 d5 3. e5 Bf5 4. h4 h5 5. Be2 g6 6. g4 hxg4 7. Bxg4 Qd7 8. Be2 e6 9. Bg5 Be7 10. Nf3 c5 11. c4 Bxg5 12. Nxg5 Nc6 13. dxc5 d4 14. f4 d3 15. Bf3 Qd4 16. Qc1 Rd8 17. Rh2 Qg1+ 0-1

[Event "Wch U16 Girls"]
[Site "Khanty-Mansiysk"]
[Date "2016.09.25"]
[Round "4"]
[White "Limanovska, Elizabete"]
[Black "Petraki, Argiro"]
[Result "1-0"]
[WhiteElo "1870"]
[BlackElo "1632"]
[PlyCount "77"]
[EventDate "2016.09.22"]
[EventType "swiss"]
[EventRounds "11"]
[EventCountry "RUS"]
[SourceTitle "EXT 2017"]
[Source "ChessBase"]
[SourceDate "2016.10.25"]
[SourceVersion "1"]
[SourceVersionDate "2016.10.25"]
[SourceQuality "1"]

1. e4 c5 2. Nf3 Nc6 3. d4 cxd4 4. Nxd4 g6 5. Nc3 Bg7 6. Be3 Nf6 7. Bc4 0-0 8. Bb3 a5 9. 0-0 d5 10. exd5 Nb4 11. Nde2 a4 12. Nxa4 Nfxd5 13. Bd4 Bxd4 14. Qxd4 Bf5 15. Qd2 b5 16. Nc5 Qd6 17. Nd3 Nxd3 18. cxd3 Nb4 19. d4 Rfd8 20. a3 Nc6 21. Rfd1 Rac8 22. d5 Ne5 23. Nd4 Bd7 24. Qe2 Ng4 25. Nf3 Qf6 26. h3 Nh6 27. Ne5 Qd6 28. Rac1 Rxc1 29. Rxc1 Nf5 30. Rd1 Qb6 31. Qe4 Ng3 32. Qf3 Nf5 33. d6 e6 34. g4 Nh6 35. Qf6 Be8 36. d7 Bxd7 37. g5 Nf5 38. Qxf7+ Kh8 39. Rxd7 1-0